[Event "Gordon Hoskyn Memorial"]
[Site "Palmerston North"]
[Date "2009.08.29"]
[Round "3"]
[White "Capper, David"]
[Black "Sunathvanichkul, Tawan"]
[Result "0-1"]
[WhiteElo "1646"]
[BlackElo "1320"]
[PlyCount "106"]
[EventDate "2009.08.29"]
[EventType "swiss (rapid)"]
[EventRounds "6"]
[EventCountry "NZL"]
[SourceTitle "EXT 2018"]
[Source "ChessBase"]
[SourceDate "2017.10.13"]
[SourceVersion "1"]
[SourceVersionDate "2017.10.13"]
[SourceQuality "1"]

1. Nf3 Nf6 2. g3 b6 3. d3 Bb7 4. Bg2 e6 5. 0-0 d5 6. Nbd2 Be7 7. Re1 0-0 8. Ne5 Nbd7 9. Nxd7 Nxd7 10. e4 c5 11. e5 f6 12. exf6 Rxf6 13. Bh3 e5 14. Bxd7 Qxd7 15. Rxe5 Raf8 16. f4 R6f7 17. Nf3 Qg4 18. Qe2 Bf6 19. Re6 d4 20. Re4 Bxe4 21. dxe4 Re8 22. e5 Bxe5 23. Kg2 Rfe7 24. h3 Qxg3+ 25. Kxg3 Bxf4+ 26. Bxf4 Rxe2 27. Re1 Rxe1 28. Nxe1 Re7 29. Kf2 Kf7 30. Nd3 Kf6 31. h4 h6 32. b3 g5 33. hxg5+ hxg5 34. Bb8 Kf5 35. Bd6 Rf7 36. Kg2 Ke4 37. Bg3 Ke3 38. Ne5 Rg7 39. Nc4+ Ke2 40. a4 Kd1 41. Na3 Kc1 42. Be1 Re7 43. Kf2 Kd1 44. Nc4 Kxc2 45. a5 Kxb3 46. Nd2+ Kc2 47. axb6 Rxe1 48. Kxe1 axb6 49. Nc4 d3 50. Ne3+ Kc1 51. Nd1 g4 52. Ne3 g3 53. Ng2 d2+ 0-1